=LDR 00000nam 2200000 4500 =001 INLIS000000000041590 =005 20130612151120 =008 ***********************************Ind** =035 ##$$0010-061300000041590 =041 ##$$a Ind =082 ##$$a 658.542 =090 ##$$a 658.542, Wig t =100 ##$$a Wignjosoebroto, Sritomo =245 ##$$a Teknik tata cara dan pengukuran kerja, Sritomo Wignjosoebroto =260 ##$$a 1989 $b Surabaya =300 ##$$a v, 223 hlm, 25,5 cm =850 ##$$a NBPNMAT